Rural development through NGOs (Record no. 382091)

000 -LEADER
fixed length control field 00466cam a22001577a 4500
008 - FIXED-LENGTH DATA ELEMENTS--GENERAL INFORMATION
fixed length control field 180718b1997 xxu||||| |||| 00| 0 eng d
020 ## - INTERNATIONAL STANDARD BOOK NUMBER
International Standard Book Number 817033411X
082 ## - DEWEY DECIMAL CLASSIFICATION NUMBER
Classification number Q100x54 K141
100 ## - MAIN ENTRY--PERSONAL NAME
Personal name Kapoor, A.K.
245 ## - TITLE STATEMENT
Title Rural development through NGOs
Statement of responsibility, etc. by A.K. Kapoor and Dharamvir Singh
260 ## - PUBLICATION, DISTRIBUTION, ETC.
Place of publication, distribution, etc. New Delhi
Name of publisher, distributor, etc. Rawat
Date of publication, distribution, etc. 1997
300 ## - PHYSICAL DESCRIPTION
Extent 230p.
650 ## - SUBJECT ADDED ENTRY--TOPICAL TERM
Topical term or geographic name entry element Rural development - India
650 ## - SUBJECT ADDED ENTRY--TOPICAL TERM
Topical term or geographic name entry element Non-govermental organizations - India
700 ## - ADDED ENTRY--PERSONAL NAME
Personal name Dharamvir Singh
Holdings
Withdrawn status Lost status Damaged status Not for loan Permanent Location Current Location Date acquired Full call number Barcode Date last seen Price effective from Koha item type
        Indian Institute of Public Administration Indian Institute of Public Administration 1997-09-18 Q100x54 K141 72356 2018-07-21 2018-07-21 Book

Powered by Koha